Statistics for NBA 1990s Leaders Per Team

Click here to take the quiz!

General Stats

  • This quiz has been taken 49 times
  • The average score is 48 of 90

Answer Stats

Team Player % Correct
JazzKarl Malone
100%
BullsScottie Pippen
100%
KnicksPatrick Ewing
100%
TimberwolvesKevin Garnett
100%
BullsMichael Jordan
100%
MagicShaquille O'Neal
98%
JazzJohn Stockton
98%
SunsKevin Johnson
98%
HornetsLarry Johnson
98%
SpursAvery Johnson
98%
SpursDavid Robinson
95%
RocketsHakeem Olajuwon
95%
BucksGlenn Robinson
95%
Warriors, HeatTim Hardaway
95%
Trail BlazersClifford Robinson
95%
SuperSonicsShawn Kemp
90%
SuperSonicsGary Payton
88%
PistonsJoe Dumars
88%
WarriorsChris Mullin
88%
PacersReggie Miller
88%
RocketsKenny Smith
86%
SunsCharles Barkley
86%
HeatAlonzo Mourning
86%
Hawks, NuggetsDikembe Mutombo
81%
CavaliersMark Price
81%
HawksDominique Wilkins
81%
PacersMark Jackson
76%
PistonsDennis Rodman
76%
MagicNick Anderson
74%
NetsKenny Anderson
74%
LakersVlade Divac
74%
HeatGlen Rice
71%
PacersDale Davis
69%
MavericksPopeye Jones
69%
NuggetsReggie Williams
67%
Trail BlazersBuck Williams
67%
KnicksJohn Starks
64%
KnicksCharles Oakley
62%
KingsMitch Richmond
62%
RaptorsDamon Stoudamire
60%
HornetsMuggsy Bogues
57%
CavaliersBrad Daugherty
55%
NetsDerrick Coleman
52%
LakersNick Van Exel
52%
GrizzliesShareef Abdur-Rahim
52%
ClippersGary Grant
52%
HornetsDell Curry
50%
MavericksDerek Harper
50%
ClippersRon Harper
50%
PacersRik Smits
48%
BulletsJuwan Howard
45%
CelticsRobert Parish
40%
CelticsDee Brown
40%
Trail BlazersTerry Porter
38%
HawksMookie Blaylock
36%
CelticsReggie Lewis
33%
MagicScott Skiles
31%
ClippersDanny Manning
31%
MavericksShawn Bradley
31%
CavaliersLarry Nance
31%
GrizzliesBryant Reeves
29%
BucksVin Baker
29%
RaptorsMarcus Camby
26%
HawksKevin Willis
26%
TimberwolvesDoug West
24%
SunsMark West
24%
GrizzliesGreg Anthony
24%
NuggetsMahmoud Abdul-Rauf
24%
76ersManute Bol
24%
TimberwolvesSam Mitchell
21%
TimberwolvesPooh Richardson
21%
76ersClarence Weatherspoon
21%
BulletsRod Strickland
19%
HeatRony Seikaly
19%
BucksAlvin Robertson
17%
LakersElden Campbell
17%
76ersHersey Hawkins
14%
PistonsJohn Salley
14%
CavaliersTerrell Brandon
14%
RaptorsDoug Christie
12%
ClippersLoy Vaught
12%
KingsOlden Polynice
7%
BulletsCalbert Cheaney
5%
ClippersBo Outlaw
0%
BucksEric Murdock
0%
KingsDuane Causwell
0%
76ersJohnny Dawkins
0%
NetsChris Morris
0%
BulletsPervis Ellison
0%

Score Distribution

Percentile by Number Answered

Percent of People with Each Score

Your Score History

You have not taken this quiz